000 00594nam a2200241 a 4500
001 nice12345678
003 IN_TiNIC
005 20260116015003.0
008 050802s1971 onta grp 000 0 eng
020 _a0836113993
_c0
082 0 0 _a266
_bSHA
100 _aShank, David A
245 _aHis Spirit First
260 _aOntario
_bHerald Press
_c1971
300 _a65p
500 _aincludes index and biblioraphy
505 2 _aIndex, Index of Biblical Citations
650 _aChurch-Mission
700 1 _aShank, David A
902 _bSRS
942 _cBK
999 _c17846
_d17846